Advertising and Corporate Communication (Record no. 5148)

MARC details
005 - DATE AND TIME OF LATEST TRANSACTION
control field 20250625165025.0
020 ## - INTERNATIONAL STANDARD BOOK NUMBER
International Standard Book Number 978-93-80836-24-9
082 ## - DEWEY DECIMAL CLASSIFICATION NUMBER
Classification number 659.132 WIN
100 ## - MAIN ENTRY--PERSONAL NAME
Author name WINTERSON D.
245 ## - TITLE STATEMENT
Title Advertising and Corporate Communication
260 ## - PUBLICATION, DISTRIBUTION, ETC.
Place of publication, distribution, etc. New Delhi
Name of publisher, distributor, etc. Centrum Press
Date of publication, distribution, etc. 2010
300 ## - PHYSICAL DESCRIPTION
Extent ii; 303Pages;
Other physical details Index
Dimensions 22cm
942 ## - ADDED ENTRY ELEMENTS (KOHA)
Source of classification or shelving scheme Dewey Decimal Classification
Suppress in OPAC No
Koha item type Books
Holdings
Date last seen Total checkouts Full call number Barcode Price effective from Koha item type Lost status Source of classification or shelving scheme Damaged status Not for loan Withdrawn status Home library Current library Shelving location Date acquired Source of acquisition
06/25/2025   659.132 WIN DOM0002799 06/25/2025 Books   Dewey Decimal Classification       CBE Dodoma CBE Dodoma General Collection 06/01/2005 Library Budget